Psycho social and demographic profiles of Hindu-Muslim slum dwellers in Delhi (Record no. 3100)

MARC details
000 -LEADER
fixed length control field 00746 a2200205 4500
010 ## - LIBRARY OF CONGRESS CONTROL NUMBER
LC control number ENG-85451
020 ## - INTERNATIONAL STANDARD BOOK NUMBER
International Standard Book Number 81852205826
Terms of availability 150.00
035 ## - SYSTEM CONTROL NUMBER
System control number EN-68984
037 ## - SOURCE OF ACQUISITION
Source of stock number/acquisition D.B.Act / Pub
082 14 - DEWEY DECIMAL CLASSIFICATION NUMBER
Classification number 307.3364
090 ## - LOCALLY ASSIGNED LC-TYPE CALL NUMBER (OCLC); LOCAL CALL NUMBER (OCLC)
-- 3162
-- 3162
100 1# - MAIN ENTRY--PERSONAL NAME
Personal name Husain, M. G.
245 1# - TITLE STATEMENT
Title Psycho social and demographic profiles of Hindu-Muslim slum dwellers in Delhi
Statement of responsibility, etc M. G. Husain
260 ## - PUBLICATION, DISTRIBUTION, ETC. (IMPRINT)
Place of publication, distribution, etc New Delhi
Name of publisher, distributor, etc Institute of Objective Studies
Date of publication, distribution, etc 2004
270 ## - ADDRESS
Address 162, Jogabai Main Road, Jamia Nagar
City New Delhi
State or province Delhi
Postal code 110020
Telephone number 26987467
300 ## - PHYSICAL DESCRIPTION
Extent iv, 143 p.
Dimensions 23 cm. (Hb)
500 ## - GENERAL NOTE
General note Includes bibliographical references
942 ## - ADDED ENTRY ELEMENTS (KOHA)
Institution code [OBSOLETE] dpl
Koha item type English Books
Call number prefix 307.3364 / HUS
Holdings
Withdrawn status Lost status Source of classification or shelving scheme Damaged status Not for loan Collection code Home library Current library Source of acquisition Cost, normal purchase price Total Checkouts Full call number Barcode Date last seen Copy number Uniform Resource Identifier Cost, replacement price Price effective from Koha item type
    Dewey Decimal Classification   Not For Loan Non-fiction D.B.Act.Division D.B.Act.Division DBAD/PUB 150.00   307.3364 EN-68984 15/09/2008 1 3300 150.00 15/09/2008 English Books

© Delhi Public Library
Hit Counter
free hit counter